Visualizzazione normale
Vista MARC
- Vibio
di Personal Name
Records bibliografici associati: 1
001 - CONTROL NUMBER
- control field: 4718
003 - CONTROL NUMBER IDENTIFIER
- control field: IT-RoPau
005 - DATE AND TIME OF LATEST TRANSACTION
- control field: 20131201164908.0
008 - FIXED-LENGTH DATA ELEMENTS
- fixed length control field: 131201|| aca||aabn | a|a d
040 ## - CATALOGING SOURCE
- Original cataloging agency: IT-RoPau
- Transcribing agency: IT-RoPau
100 ## - HEADING--PERSONAL NAME
- Personal name: Vibio
- Miscellaneous information: Codice autore musica SPICS: 24543
- Name of part/section of a work: Io di più
670 ## - SOURCE DATA FOUND
- Source citation: Work cat.: (IT-RoPau)99574: AA.VV. 794, Erba di casa mia (Lp Cgd 65411)